[Event "Copenhagen Chess Challenge IM 2023"]
[Site "Ballerup"]
[Date "2023.08.23"]
[Round "1.1"]
[White "Nielsen, Viktor Haarmark"]
[Black "Loftgaard, Mikkel Vinh"]
[Result "1-0"]
[WhiteElo "2345"]
[BlackElo "2187"]
[PlyCount "121"]
[EventDate "2023.08.23"]
[EventType "tourn"]
[EventRounds "9"]
[EventCountry "DEN"]
[SourceTitle "Live v. Michael Andersen"]

1. d4 Nf6 2. c4 e6 3. Nf3 d5 4. g3 Be7 5. Bg2 O-O 6. Nc3 dxc4 7. Ne5 Nc6 8.
Bxc6 bxc6 9. Nxc6 Qd6 10. Qa4 Bb7 11. Nxe7+ Qxe7 12. f3 c5 13. Qa3 Rac8 14.
dxc5 Qxc5 15. Qxc5 Rxc5 16. Be3 Ra5 17. Kf2 Nd5 18. Nxd5 Bxd5 19. Bd4 f5 20.
Rhg1 Rf7 21. Bc3 Ra6 22. g4 f4 23. g5 Rf5 24. h4 Kf7 25. Rad1 Rd6 26. h5 e5 27.
g6+ hxg6 28. Rxg6 Rxg6 29. hxg6+ Ke6 30. Rh1 Kf6 31. Rh8 Kxg6 32. Rd8 e4 33.
Rd6+ Kf7 34. fxe4 Bxe4 35. Rd7+ Ke6 36. Rxg7 Rf7 37. Rg5 Kd6 38. Ra5 f3 39. Bd4
fxe2+ 40. Kxe2 Bd3+ 41. Kd2 a6 42. Rxa6+ Kd5 43. Kc3 Rh7 44. Ra5+ Kd6 45. b3
cxb3 46. Kxd3 Rh3+ 47. Kc4 bxa2 48. Rxa2 Rh5 49. Ra6+ Ke7 50. Kd3 Rh3+ 51. Ke4
Kf7 52. Rf6+ Ke7 53. Kd5 Rb3 54. Rf1 Rd3 55. Rg1 Kf8 56. Rg4 Rd1 57. Ke6 Re1+
58. Be5 Re2 59. Rh4 Rg2 60. Ra4 Kg8 61. Ra8+ 1-0

[Event "Copenhagen Chess Challenge IM 2023"]
[Site "Ballerup"]
[Date "2023.08.23"]
[Round "1.2"]
[White "Kistrup, Nicolai"]
[Black "Jogstad, Martin"]
[Result "0-1"]
[WhiteElo "2339"]
[BlackElo "2409"]
[PlyCount "86"]
[EventDate "2023.08.23"]
[EventType "tourn"]
[EventRounds "9"]
[EventCountry "DEN"]
[SourceTitle "Live v. Michael Andersen"]

1. e4 c6 2. d4 d5 3. e5 Bf5 4. Nf3 e6 5. Be2 c5 6. Be3 Qb6 7. Nc3 Nc6 8. O-O
Qxb2 9. Qe1 c4 10. Rb1 Qa3 11. Nb5 Qa4 12. Nc7+ Kd7 13. Nxa8 Kc8 14. Ng5 Nh6
15. Bh5 g6 16. Bd1 Qxa2 17. Rb5 Qa6 18. Rb2 Qa1 19. Nb6+ axb6 20. Rxb6 Kc7 21.
Rb5 Qa4 22. Rb1 Bxc2 23. Rb2 Bxd1 24. Qxd1 Qxd1 25. Rxd1 Ba3 26. Rb5 Be7 27.
Nxe6+ fxe6 28. Bxh6 Ra8 29. Rdb1 Ra7 30. Be3 Bb4 31. f4 Bc3 32. Rd1 Ra1 33.
Rxa1 Bxa1 34. Kf2 Nxd4 35. Ra5 Nb3 36. Ra4 Bd4 37. Bxd4 Nxd4 38. g4 Nb3 39. Ra8
c3 40. Ra2 d4 41. Rc2 b5 42. Ke2 Nc5 43. Rc1 b4 0-1

[Event "Copenhagen Chess Challenge IM 2023"]
[Site "Ballerup"]
[Date "2023.08.23"]
[Round "1.3"]
[White "Ramsdal, Jens Albert"]
[Black "Sahl, Bjarke"]
[Result "0-1"]
[WhiteElo "2383"]
[BlackElo "2226"]
[PlyCount "46"]
[EventDate "2023.08.23"]
[EventType "tourn"]
[EventRounds "9"]
[EventCountry "DEN"]
[SourceTitle "Live v. Michael Andersen"]

1. d4 d5 2. c4 e6 3. Nc3 Nf6 4. Nf3 Be7 5. Bf4 O-O 6. e3 a6 7. c5 b6 8. b4 Nc6
9. a3 Nh5 10. Ne5 Nxe5 11. Bxe5 f6 12. Bxc7 Qxc7 13. Qxh5 bxc5 14. dxc5 f5 15.
Rc1 Bd7 16. Qd1 f4 17. exf4 Qxf4 18. Qc2 d4 19. Nd1 Bg5 20. Ra1 Qe5+ 21. Qe2 d3
22. Qxe5 d2+ 23. Ke2 Bb5# 0-1

[Event "Copenhagen Chess Challenge IM 2023"]
[Site "Ballerup"]
[Date "2023.08.23"]
[Round "1.4"]
[White "Meskenas, Paulius"]
[Black "Heimisson, Hilmir Freyr"]
[Result "1-0"]
[WhiteElo "2297"]
[BlackElo "2382"]
[PlyCount "77"]
[EventDate "2023.08.23"]
[EventType "tourn"]
[EventRounds "9"]
[EventCountry "DEN"]
[SourceTitle "Live v. Michael Andersen"]

1. e4 e5 2. Nf3 Nc6 3. Bc4 Bc5 4. c3 Nf6 5. d3 d6 6. a4 a5 7. h3 O-O 8. O-O Ba7
9. Re1 Be6 10. Na3 Ne7 11. Qb3 Qd7 12. Ng5 Bxc4 13. Nxc4 Ng6 14. Be3 Nh4 15.
Bxa7 Rxa7 16. Qd1 Raa8 17. Nf3 Ng6 18. d4 Rfe8 19. dxe5 Nxe5 20. Nfxe5 dxe5 21.
Qxd7 Nxd7 22. Red1 Nc5 23. f3 f6 24. Nxa5 Rxa5 25. b4 Rxa4 26. bxc5 Rc4 27. Ra5
Kf7 28. Rd3 Re6 29. Rb5 Kg6 30. Rxb7 Rxc5 31. Rd7 Rec6 32. Rb8 Rd6 33. Re7 Rxc3
34. Rg8 Kh5 35. Rgxg7 h6 36. Kh2 Rd2 37. Rg3 c5 38. Re6 f5 39. Rf6 1-0

[Event "Copenhagen Chess Challenge IM 2023"]
[Site "Ballerup"]
[Date "2023.08.23"]
[Round "1.5"]
[White "Jepson, Christian"]
[Black "Jarlskov, Daniel Tuk Hartso"]
[Result "1-0"]
[WhiteElo "2391"]
[BlackElo "2118"]
[PlyCount "139"]
[EventDate "2023.08.23"]
[EventType "tourn"]
[EventRounds "9"]
[EventCountry "DEN"]
[SourceTitle "Live v. Michael Andersen"]

1. c4 Nf6 2. Nf3 e6 3. g3 d5 4. b3 Be7 5. Bg2 O-O 6. O-O c5 7. cxd5 exd5 8. Bb2
Nc6 9. d4 Ne4 10. Nc3 Bf6 11. Na4 b6 12. Rc1 Ba6 13. dxc5 Bxb2 14. Nxb2 bxc5
15. Nd2 Nd4 16. Re1 Nf6 17. Na4 Qe7 18. e3 Ne6 19. e4 dxe4 20. Nxe4 Nxe4 21.
Bxe4 Rac8 22. Nc3 Bb7 23. Nd5 Bxd5 24. Bxd5 Rfd8 25. Qf3 Rd6 26. Rc4 Qd7 27.
Bxe6 Rxe6 28. Rxe6 Qxe6 29. Re4 Qd7 30. Qe2 Kf8 31. Re5 h6 32. Qe4 Qd4 33. Kg2
Qd6 34. Rd5 Qc7 35. Re5 Qd6 36. h4 Rd8 37. h5 Rc8 38. Rd5 Qc7 39. Qf5 Ke7 40.
Kf3 Ke8 41. Qe5+ Qxe5 42. Rxe5+ Kd7 43. Re4 Kd6 44. Ke3 Rc7 45. Kd3 Kd5 46. Rg4
f6 47. Re4 Rb7 48. Re8 Rd7 49. Kc3 Kc6 50. Rc8+ Rc7 51. Rg8 Rd7 52. f3 Re7 53.
Kd3 Kd5 54. Rd8+ Kc6 55. Ra8 Kb7 56. Rg8 Kc6 57. g4 Kd6 58. Kc4 Re3 59. Rxg7
Rxf3 60. Kb5 Rf2 61. Rxa7 Rf4 62. Rg7 Rf2 63. Rg6 Rxa2 64. Rxf6+ Kd5 65. Rf5+
Kd4 66. Rxc5 Rb2 67. b4 Rg2 68. Rc6 Kd5 69. Rg6 Rg1 70. Kb6 1-0

[Event "Copenhagen Chess Challenge IM 2023"]
[Site "Ballerup"]
[Date "2023.08.24"]
[Round "2.1"]
[White "Jogstad, Martin"]
[Black "Ramsdal, Jens Albert"]
[Result "1-0"]
[WhiteElo "2409"]
[BlackElo "2383"]
[PlyCount "63"]
[EventDate "2023.08.23"]
[EventType "tourn"]
[EventRounds "9"]
[EventCountry "DEN"]
[SourceTitle "Live v. Michael Andersen"]

1. d4 Nf6 2. c4 e6 3. g3 d5 4. Nf3 Be7 5. Bg2 O-O 6. O-O dxc4 7. Qc2 a6 8. a4
Bd7 9. Qxc4 Bc6 10. Bg5 Bd5 11. Qc2 Be4 12. Qc1 h6 13. Bxf6 Bxf6 14. Nc3 Bh7
15. Rd1 a5 16. e4 Na6 17. e5 Be7 18. d5 Bc5 19. dxe6 Qe7 20. exf7+ Rxf7 21. Nd5
Qe6 22. Nf4 Qb6 23. e6 Rxf4 24. Qxf4 Rf8 25. Qc4 Kh8 26. Qe2 Be7 27. Rd7 Re8
28. Ne5 Nc5 29. Qh5 Rf8 30. Nf7+ Kg8 31. Rxe7 Qxb2 32. Qe5 1-0

[Event "Copenhagen Chess Challenge IM 2023"]
[Site "Ballerup"]
[Date "2023.08.24"]
[Round "2.2"]
[White "Nielsen, Viktor Haarmark"]
[Black "Kistrup, Nicolai"]
[Result "1-0"]
[WhiteElo "2345"]
[BlackElo "2339"]
[PlyCount "73"]
[EventDate "2023.08.23"]
[EventType "tourn"]
[EventRounds "9"]
[EventCountry "DEN"]
[SourceTitle "Live v. Michael Andersen"]

1. d4 Nf6 2. c4 e6 3. Nf3 d5 4. g3 dxc4 5. Bg2 c5 6. O-O Nc6 7. Qa4 Bd7 8. Qxc4
b5 9. Qd3 c4 10. Qc2 Be7 11. e4 O-O 12. Qe2 Rc8 13. Rd1 Nb4 14. Ne5 Qb6 15. Be3
Rfd8 16. a3 Na6 17. a4 bxa4 18. Rc1 Be8 19. Nxc4 Qb7 20. Nc3 Qb4 21. Ne5 Nb8
22. Nd3 Qa5 23. Qd2 Kf8 24. h3 Rc4 25. b3 Rcxd4 26. Bxd4 Rxd4 27. bxa4 Bb4 28.
Qc2 Na6 29. e5 Nd7 30. Nb5 Rxd3 31. Qxd3 Nxe5 32. Qxh7 Ng6 33. Rc8 Ke7 34. Qxg7
Bd7 35. Rc4 Bxb5 36. axb5 Qxb5 37. Bf1 1-0

[Event "Copenhagen Chess Challenge IM 2023"]
[Site "Ballerup"]
[Date "2023.08.24"]
[Round "2.3"]
[White "Loftgaard, Mikkel Vinh"]
[Black "Jarlskov, Daniel Tuk Hartso"]
[Result "1-0"]
[WhiteElo "2187"]
[BlackElo "2118"]
[PlyCount "49"]
[EventDate "2023.08.23"]
[EventType "tourn"]
[EventRounds "9"]
[EventCountry "DEN"]
[SourceTitle "Live v. Michael Andersen"]

1. e4 e5 2. Nf3 Nc6 3. Bc4 Bc5 4. c3 Nf6 5. d3 d6 6. O-O O-O 7. h3 a5 8. Bg5
Be6 9. Nbd2 h6 10. Bh4 Ba7 11. Nh2 Qe7 12. Kh1 Bxc4 13. Nxc4 Qe6 14. Ne3 Ne7
15. Qf3 Nh7 16. Bxe7 Qxe7 17. Nf5 Qe6 18. Qg3 g6 19. Nxh6+ Kh8 20. f4 f5 21.
fxe5 dxe5 22. Nf3 f4 23. Qh4 Rad8 24. Ng4 Rxd3 25. Qxh7+ 1-0

[Event "Copenhagen Chess Challenge IM 2023"]
[Site "Ballerup"]
[Date "2023.08.24"]
[Round "2.4"]
[White "Sahl, Bjarke"]
[Black "Meskenas, Paulius"]
[Result "1/2-1/2"]
[WhiteElo "2226"]
[BlackElo "2297"]
[PlyCount "74"]
[EventDate "2023.08.23"]
[EventType "tourn"]
[EventRounds "9"]
[EventCountry "DEN"]
[SourceTitle "Live v. Michael Andersen"]

1. c4 c5 2. Nc3 Nc6 3. g3 g6 4. Bg2 Bg7 5. h4 Nf6 6. Nh3 e5 7. a3 h6 8. b4 d6
9. b5 Nd4 10. e3 Nf5 11. a4 O-O 12. Ng1 h5 13. Nf3 d5 14. cxd5 Nxd5 15. Nxd5
Qxd5 16. Bb2 b6 17. O-O Bb7 18. d3 Qe6 19. Qc2 Rfd8 20. a5 e4 21. Ng5 exd3 22.
Nxe6 dxc2 23. Nxg7 Bxg2 24. Kxg2 Nxg7 25. Rfc1 Ne6 26. Rxc2 Nc7 27. Be5 Nd5 28.
axb6 axb6 29. Rxa8 Rxa8 30. Rd2 Rd8 31. Kf3 f5 32. Ra2 Re8 33. Bb2 Re7 34. Ra8+
Kf7 35. Rd8 Nc7 36. Rd6 Re6 37. Rd7+ Re7 1/2-1/2

[Event "Copenhagen Chess Challenge IM 2023"]
[Site "Ballerup"]
[Date "2023.08.24"]
[Round "2.5"]
[White "Heimisson, Hilmir Freyr"]
[Black "Jepson, Christian"]
[Result "1-0"]
[WhiteElo "2382"]
[BlackElo "2391"]
[PlyCount "69"]
[EventDate "2023.08.23"]
[EventType "tourn"]
[EventRounds "9"]
[EventCountry "DEN"]
[SourceTitle "Live v. Michael Andersen"]

1. d4 Nf6 2. c4 e6 3. Nc3 Bb4 4. Qc2 O-O 5. e4 d6 6. e5 dxe5 7. dxe5 Ng4 8. a3
Bxc3+ 9. Qxc3 Qh4 10. g3 Qh5 11. f4 Bd7 12. Bg2 Bc6 13. Nf3 f6 14. h3 Nh6 15.
exf6 Qg6 16. g4 Qxf6 17. Qxf6 gxf6 18. Be3 Nf7 19. O-O Nd6 20. Rac1 Re8 21.
Rfd1 Nd7 22. c5 Nf7 23. Ng5 Rad8 24. Ne4 Kg7 25. Bf2 f5 26. Ng3 Kg6 27. Nh5 Nb8
28. Bh4 Rxd1+ 29. Rxd1 e5 30. Nf6 Re6 31. Nd5 Nh6 32. Nxc7 Bxg2 33. Nxe6 Bxh3
34. fxe5 Bxg4 35. Nf4+ 1-0

[Event "Copenhagen Chess Challenge IM 2023"]
[Site "Ballerup"]
[Date "2023.08.24"]
[Round "3.1"]
[White "Jarlskov, Daniel Tuk Hartso"]
[Black "Heimisson, Hilmir Freyr"]
[Result "0-1"]
[WhiteElo "2118"]
[BlackElo "2382"]
[PlyCount "74"]
[EventDate "2023.08.23"]
[EventType "tourn"]
[EventRounds "9"]
[EventCountry "DEN"]
[SourceTitle "Live v. Michael Andersen"]

1. c4 c5 2. Nc3 Nc6 3. g3 g6 4. Bg2 Bg7 5. e3 Nh6 6. Nge2 Nf5 7. O-O d6 8. Rb1
h5 9. h4 Bd7 10. d3 Rb8 11. a3 a5 12. b3 Ne5 13. d4 cxd4 14. Nxd4 O-O 15. Bb2
Nxd4 16. exd4 Ng4 17. Ne4 Bf5 18. d5 Bxb2 19. Rxb2 Bxe4 20. Bxe4 b5 21. cxb5
Rxb5 22. Qd3 Qb6 23. Bxg6 Ne5 24. Bh7+ Kg7 25. Qb1 Rc8 26. Bf5 Rc3 27. Qd1 Rf3
28. Be4 Rxg3+ 29. Kh2 Rg4 30. Rg1 e6 31. dxe6 fxe6 32. Bf3 Nxf3+ 33. Qxf3 Qd4
34. Rbb1 Rf5 35. Rxg4+ hxg4 36. Qb7+ Rf7 37. Qg2 Rxf2 0-1

[Event "Copenhagen Chess Challenge IM 2023"]
[Site "Ballerup"]
[Date "2023.08.24"]
[Round "3.2"]
[White "Jepson, Christian"]
[Black "Sahl, Bjarke"]
[Result "1/2-1/2"]
[WhiteElo "2391"]
[BlackElo "2226"]
[PlyCount "95"]
[EventDate "2023.08.23"]
[EventType "tourn"]
[EventRounds "9"]
[EventCountry "DEN"]
[SourceTitle "Live v. Michael Andersen"]

1. Nf3 d5 2. c4 c6 3. g3 Nf6 4. Bg2 a5 5. cxd5 cxd5 6. d4 e6 7. Nc3 Be7 8. Ne5
O-O 9. O-O Nc6 10. Bf4 Nh5 11. Be3 f5 12. f4 Nf6 13. Rc1 Nb4 14. a3 Na6 15. Qb3
Rb8 16. Rc2 Qe8 17. Qb5 Bd7 18. Nxd7 Qxd7 19. Qxa5 Rbc8 20. Rfc1 Nb8 21. Qb5
Rc6 22. Qb3 Rfc8 23. Na4 Rxc2 24. Rxc2 Rxc2 25. Qxc2 Nc6 26. Nc5 Qc8 27. Nd3
Ne8 28. Bd2 Nd6 29. e3 Nc4 30. a4 Nxd2 31. Qxd2 Qa8 32. b3 Na5 33. Qc3 Bd6 34.
Bf3 b6 35. Kf2 Qc6 36. Qxc6 Nxc6 37. g4 g6 38. h3 Kf7 39. Ke1 Nb4 40. Nc1 h6
41. Kd2 Ke7 42. Kc3 Kd7 43. Be2 Ke7 44. Bf3 Kd7 45. Bd1 Ke7 46. Be2 Kd7 47. Kd2
Ke7 48. Kc3 1/2-1/2

[Event "Copenhagen Chess Challenge IM 2023"]
[Site "Ballerup"]
[Date "2023.08.24"]
[Round "3.3"]
[White "Meskenas, Paulius"]
[Black "Jogstad, Martin"]
[Result "1/2-1/2"]
[WhiteElo "2297"]
[BlackElo "2409"]
[PlyCount "130"]
[EventDate "2023.08.23"]
[EventType "tourn"]
[EventRounds "9"]
[EventCountry "DEN"]
[SourceTitle "Live v. Michael Andersen"]

1. e4 c6 2. d4 d5 3. Nc3 dxe4 4. Nxe4 Nf6 5. Nxf6+ exf6 6. c3 Bd6 7. Bd3 O-O 8.
Qc2 Re8+ 9. Ne2 h5 10. O-O h4 11. f4 Qc7 12. h3 c5 13. d5 c4 14. Be4 f5 15. Bf3
Nd7 16. Nd4 g6 17. Qf2 Qd8 18. Be3 Nf6 19. Nb5 Bb8 20. d6 Ne4 21. Bxe4 Rxe4 22.
Bd4 Be6 23. Nc7 Bxc7 24. dxc7 Qe7 25. Rad1 Rc8 26. Be5 Rxe5 27. fxe5 Rxc7 28.
Qxa7 Qc5+ 29. Qxc5 Rxc5 30. Rfe1 Kg7 31. Rd4 g5 32. Rd6 Rb5 33. Re2 Kg6 34. a4
Ra5 35. Rb6 Rxa4 36. Rxb7 Ra5 37. Kf2 f4 38. Rb6 Kf5 39. Re1 Rd5 40. Re2 Rd1
41. Rd6 Rb1 42. Rd8 Ra1 43. Rd6 Ra2 44. Rb6 Ra5 45. Re1 Rd5 46. Re2 Rd3 47. Ra6
Rg3 48. Rd6 f3 49. gxf3 Rxh3 50. Kg2 Rg3+ 51. Kf2 Rh3 52. Kg2 Rg3+ 53. Kf2 g4
54. fxg4+ Rxg4 55. Rd4 Rxd4 56. cxd4 Bd5 57. Kg1 Kf4 58. Kf2 h3 59. Kg1 Kf3 60.
Re1 Be6 61. Kh2 Kf2 62. Re4 Kf3 63. Re1 Kf2 64. Re4 Kf3 65. Re1 Kf2 1/2-1/2

[Event "Copenhagen Chess Challenge IM 2023"]
[Site "Ballerup"]
[Date "2023.08.24"]
[Round "3.4"]
[White "Ramsdal, Jens Albert"]
[Black "Nielsen, Viktor Haarmark"]
[Result "1-0"]
[WhiteElo "2383"]
[BlackElo "2345"]
[PlyCount "113"]
[EventDate "2023.08.23"]
[EventType "tourn"]
[EventRounds "9"]
[EventCountry "DEN"]
[SourceTitle "Live v. Michael Andersen"]

1. d4 Nf6 2. c4 e6 3. Nf3 d5 4. Nc3 Bb4 5. cxd5 exd5 6. Bg5 Qd6 7. Nd2 Bf5 8.
Qb3 Nc6 9. e3 Ne4 10. Ndxe4 Bxe4 11. a3 Ba5 12. Bf4 Qe6 13. f3 Bg6 14. Kf2 Rd8
15. Rc1 O-O 16. Na4 Bb6 17. Nc5 Qc8 18. g4 h5 19. gxh5 Bxh5 20. h4 Qf5 21. Qd3
Qf6 22. Be2 Bxc5 23. Rxc5 Rd7 24. Qc3 Rc8 25. Bb5 Rd6 26. Rh3 a6 27. Ba4 Bg6
28. h5 Bf5 29. Rh2 Bd7 30. h6 b6 31. Rxc6 Rxc6 32. Bxc6 Qxc6 33. Qxc6 Bxc6 34.
Be5 f6 35. hxg7 Kxg7 36. Bxf6+ Kxf6 37. Rh6+ Kf5 38. Rxc6 Rh8 39. Kg2 Rg8+ 40.
Kf1 Rg3 41. Rxc7 Rxf3+ 42. Ke2 Rh3 43. Kd3 Rh2 44. Kc3 Ke4 45. Re7+ Kf3 46. Re6
Re2 47. Rf6+ Ke4 48. Re6+ Kf3 49. Rxb6 Rxe3+ 50. Kb4 Re8 51. Kc5 Ke4 52. Rc6 a5
53. b4 a4 54. b5 Kd3 55. b6 Kc3 56. b7 Rb8 57. Rb6 1-0

[Event "Copenhagen Chess Challenge IM 2023"]
[Site "Ballerup"]
[Date "2023.08.24"]
[Round "3.5"]
[White "Kistrup, Nicolai"]
[Black "Loftgaard, Mikkel Vinh"]
[Result "1-0"]
[WhiteElo "2339"]
[BlackElo "2187"]
[PlyCount "115"]
[EventDate "2023.08.23"]
[EventType "tourn"]
[EventRounds "9"]
[EventCountry "DEN"]
[SourceTitle "Live v. Michael Andersen"]

1. d4 Nf6 2. c4 e6 3. Nc3 Bb4 4. Qc2 c5 5. dxc5 O-O 6. a3 Bxc5 7. Nf3 Nc6 8. e3
d5 9. b4 Bb6 10. Bb2 d4 11. Rd1 e5 12. b5 Qe7 13. bxc6 Ba5 14. Nxd4 exd4 15.
Rxd4 bxc6 16. Be2 c5 17. Rd2 Rb8 18. O-O Qb7 19. Ba1 Qb3 20. Nb5 Qxc2 21. Rxc2
Bf5 22. Rb2 a6 23. Nd6 Bg6 24. Nb7 Bc3 25. Rb3 Bxa1 26. Rxa1 Ne4 27. Rd1 Nc3
28. Rxc3 Rxb7 29. Bf3 Rb2 30. h4 h6 31. Rd6 Rfb8 32. Rxa6 Rb1+ 33. Kh2 R8b2 34.
Kg3 Rf1 35. h5 Bf5 36. Rc6 Rfxf2 37. Rxc5 Be6 38. Rb5 Ra2 39. Rb8+ Kh7 40. Be4+
f5 41. Bf3 Rfc2 42. Rxc2 Rxc2 43. Bd5 Rc3 44. Kf4 Bxd5 45. cxd5 Rxa3 46. d6 Rd3
47. Rd8 Rd5 48. d7 g6 49. hxg6+ Kg7 50. g4 fxg4 51. Kxg4 Rd1 52. e4 Rd4 53. Kf5
h5 54. e5 Rd1 55. e6 h4 56. e7 Rf1+ 57. Kg4 Rg1+ 58. Kf3 1-0

[Event "Copenhagen Chess Challenge IM 2023"]
[Site "Ballerup"]
[Date "2023.08.25"]
[Round "4.1"]
[White "Nielsen, Viktor Haarmark"]
[Black "Meskenas, Paulius"]
[Result "1/2-1/2"]
[WhiteElo "2345"]
[BlackElo "2297"]
[PlyCount "94"]
[EventDate "2023.08.23"]
[EventType "tourn"]
[EventRounds "9"]
[EventCountry "DEN"]
[SourceTitle "Live v. Michael Andersen"]

1. d4 Nf6 2. c4 g6 3. Nc3 d5 4. cxd5 Nxd5 5. Bd2 c6 6. e4 Nb6 7. Be3 Be6 8. b3
Bg7 9. Qd2 a5 10. Rd1 f5 11. exf5 Bxf5 12. Nf3 Na6 13. Be2 Nb4 14. O-O N6d5 15.
Nxd5 Nxd5 16. Ne5 Qc7 17. Bf4 Nxf4 18. Qxf4 O-O-O 19. Bf3 h5 20. Qe3 Rhf8 21.
Rc1 Kb8 22. Rc5 Rd6 23. d5 Bxe5 24. Qxe5 b6 25. Qg7 bxc5 26. Qxf8+ Rd8 27. Qf7
cxd5 28. Bxd5 Qe5 29. Bc4 h4 30. h3 g5 31. Qh5 Bc2 32. Qf3 Rd6 33. Rc1 Bf5 34.
Bf1 Bc8 35. Rd1 Bb7 36. Qf8+ Kc7 37. Rxd6 exd6 38. Qf7+ Kb6 39. Qc4 Qe1 40. Qg8
Qe7 41. Qc4 Qe1 42. Qg8 Ba6 43. Qb8+ Kc6 44. Qa8+ Bb7 45. Qd8 Ba6 46. Qa8+ Bb7
47. Qd8 Ba6 1/2-1/2

[Event "Copenhagen Chess Challenge IM 2023"]
[Site "Ballerup"]
[Date "2023.08.25"]
[Round "4.2"]
[White "Jogstad, Martin"]
[Black "Jepson, Christian"]
[Result "0-1"]
[WhiteElo "2409"]
[BlackElo "2391"]
[PlyCount "106"]
[EventDate "2023.08.23"]
[EventType "tourn"]
[EventRounds "9"]
[EventCountry "DEN"]
[SourceTitle "Live v. Michael Andersen"]

1. d4 Nf6 2. c4 e6 3. g3 c5 4. d5 exd5 5. cxd5 d6 6. Nc3 g6 7. Bg2 Bg7 8. Nf3
O-O 9. O-O Nbd7 10. Bf4 Qe7 11. h3 Nh5 12. Bg5 f6 13. Bd2 f5 14. Ng5 f4 15. Ne6
fxg3 16. f4 Nb6 17. f5 Rxf5 18. Rxf5 gxf5 19. e4 Bxe6 20. dxe6 Bd4+ 21. Kh1 Ng7
22. exf5 Rf8 23. Qg4 Rxf5 24. Ne2 h5 25. Qxg3 Be5 26. Nf4 Nc4 27. Ng6 Qxe6 28.
Nxe5 Nxd2 29. Qd3 Rxe5 30. Qxd2 d5 31. Rf1 b6 32. Qf4 d4 33. Qh4 Kh7 34. b3 a6
35. Kg1 a5 36. Rf4 Re1+ 37. Kh2 Qe5 38. Qg3 Re3 39. Qh4 Ne6 40. Qe7+ Kh6 41.
Qf6+ Qxf6 42. Rxf6+ Kg5 43. Rf7 d3 44. Rf3 Rxf3 45. Bxf3 Nd4 46. Bd1 b5 47. Kg3
h4+ 48. Kf2 Kf4 49. Bh5 c4 50. bxc4 bxc4 51. Bg6 a4 52. a3 d2 53. Bh5 c3 0-1

[Event "Copenhagen Chess Challenge IM 2023"]
[Site "Ballerup"]
[Date "2023.08.25"]
[Round "4.3"]
[White "Kistrup, Nicolai"]
[Black "Ramsdal, Jens Albert"]
[Result "1-0"]
[WhiteElo "2339"]
[BlackElo "2383"]
[PlyCount "79"]
[EventDate "2023.08.23"]
[EventType "tourn"]
[EventRounds "9"]
[EventCountry "DEN"]
[SourceTitle "Live v. Michael Andersen"]

1. e4 c5 2. Nf3 d6 3. d4 cxd4 4. Nxd4 Nf6 5. Nc3 Nc6 6. Bg5 e6 7. Qd2 a6 8.
O-O-O Bd7 9. f3 Nxd4 10. Qxd4 Be7 11. Kb1 Qc7 12. h4 b5 13. Qd2 b4 14. Ne2 a5
15. c4 bxc3 16. Nxc3 Qb7 17. g4 O-O 18. h5 h6 19. Bh4 Rfc8 20. Bd3 Rab8 21. Ka1
a4 22. a3 Bd8 23. Bb1 d5 24. exd5 exd5 25. Rh2 Be6 26. g5 Ba5 27. gxf6 Rxc3 28.
bxc3 Qb3 29. Be1 Qxa3+ 30. Ba2 d4 31. Qc1 Qc5 32. cxd4 Qd6 33. Bxa5 Qxh2 34.
Bxe6 Qxh5 35. Bc7 Rb7 36. Be5 Qxf3 37. Rd3 Qe2 38. Qc8+ Kh7 39. Bf5+ g6 40.
Bxg6+ 1-0

[Event "Copenhagen Chess Challenge IM 2023"]
[Site "Ballerup"]
[Date "2023.08.25"]
[Round "4.4"]
[White "Loftgaard, Mikkel Vinh"]
[Black "Heimisson, Hilmir Freyr"]
[Result "0-1"]
[WhiteElo "2187"]
[BlackElo "2382"]
[PlyCount "174"]
[EventDate "2023.08.23"]
[EventType "tourn"]
[EventRounds "9"]
[EventCountry "DEN"]
[SourceTitle "Live v. Michael Andersen"]

1. e4 c5 2. Nf3 d6 3. Bb5+ Nd7 4. d4 cxd4 5. Qxd4 a6 6. Bxd7+ Bxd7 7. O-O e5 8.
Qd3 Rc8 9. Rd1 h6 10. Nc3 Nf6 11. Be3 Qc7 12. Nd2 Be7 13. Rac1 Be6 14. Nd5 Bxd5
15. exd5 Ng4 16. c4 O-O 17. b4 f5 18. f3 Nxe3 19. Qxe3 Bg5 20. Qf2 a5 21. a3
axb4 22. axb4 Ra8 23. c5 Ra2 24. h4 Bf4 25. g3 Bxd2 26. Rxd2 Ra3 27. Ra2 Rd3
28. Rd2 Rb3 29. Rb2 Rd3 30. Rd2 Ra3 31. Ra2 Rb3 32. Rb2 Rxb2 33. Qxb2 f4 34. g4
e4 35. Qe2 e3 36. Kg2 dxc5 37. bxc5 Qd8 38. c6 Qxd5 39. c7 Qe6 40. Qc4 Qxc4 41.
Rxc4 Rc8 42. g5 hxg5 43. hxg5 Kh7 44. Kh3 b5 45. Rc2 b4 46. Kg4 b3 47. Rb2 Rxc7
48. Rxb3 Rf7 49. Kh3 Rf5 50. Kg4 Rf7 51. Rb4 g6 52. Re4 Kg7 53. Kh3 Rf5 54. Kg4
Kf8 55. Kh4 Rf7 56. Ra4 Ke7 57. Ra6 Kd7 58. Kg4 Kc7 59. Ra7+ Kd6 60. Rxf7 e2
61. Rf6+ Kd5 62. Rxg6 e1=Q 63. Kxf4 Qh4+ 64. Kf5 Qh7 65. f4 Qd7+ 66. Kf6 Ke4
67. Rg8 Kxf4 68. Kg6 Qd3+ 69. Kh6 Qh3+ 70. Kg6 Qf5+ 71. Kh6 Qf7 72. Rg7 Qf8 73.
Kg6 Kg4 74. Kh6 Qd6+ 75. Kh7 Kf5 76. Kg8 Qe6+ 77. Kh7 Qe8 78. g6 Kg5 79. Rf7
Qe4 80. Rg7 Qh1+ 81. Kg8 Kf6 82. Ra7 Qd5+ 83. Kh7 Qh5+ 84. Kg8 Qxg6+ 85. Kh8
Qh5+ 86. Kg8 Qd5+ 87. Kh7 Qh1+ 0-1

[Event "Copenhagen Chess Challenge IM 2023"]
[Site "Ballerup"]
[Date "2023.08.25"]
[Round "4.5"]
[White "Sahl, Bjarke"]
[Black "Jarlskov, Daniel Tuk Hartso"]
[Result "1/2-1/2"]
[WhiteElo "2226"]
[BlackElo "2118"]
[PlyCount "115"]
[EventDate "2023.08.23"]
[EventType "tourn"]
[EventRounds "9"]
[EventCountry "DEN"]
[SourceTitle "Live v. Michael Andersen"]

1. Nf3 Nf6 2. c4 e6 3. g3 d5 4. Bg2 Be7 5. O-O O-O 6. d4 dxc4 7. Qc2 a6 8. a4
Bd7 9. Ne5 Bc6 10. Nxc6 Nxc6 11. e3 e5 12. Rd1 exd4 13. exd4 Na5 14. Na3 Nb3
15. Rb1 Nxc1 16. Qxc1 c6 17. Nxc4 Bb4 18. Ne3 Qb6 19. Nf5 h6 20. Qf4 Rad8 21.
Rd3 Rd7 22. Nxh6+ gxh6 23. Qxf6 Rd6 24. Qf4 Rfd8 25. Rbd1 Qa5 26. b3 Bc3 27.
Qg4+ Kf8 28. d5 cxd5 29. Bxd5 Rxd5 30. Rxd5 Rxd5 31. Qc8+ Kg7 32. Rxd5 Qxd5 33.
Qxc3+ Kg8 34. h3 Kh7 35. g4 b5 36. axb5 axb5 37. b4 Qd1+ 38. Kg2 Qd5+ 39. Kg3
Qd6+ 40. Kg2 Qd5+ 41. Qf3 Qc4 42. Qf5+ Kg7 43. Qe5+ Kg8 44. Qc5 Qd3 45. h4 Kg7
46. Qe5+ Kg8 47. Qc5 Kg7 48. Qe5+ Kg8 49. g5 hxg5 50. Qxg5+ Kf8 51. Qg4 Qd5+
52. f3 Qd2+ 53. Kh3 Qf2 54. Qe4 Qg1 55. f4 Qd1 56. f5 Qd6 57. Kg4 Kg7 58. Qe3
1/2-1/2